[Event "45 Otwarte Mistrzostwa Chorzowa OPEN FI"]
[Site "MDK Batory"]
[Date "2009.04.04"]
[Round "8.5"]
[White "Janiszewski, Maciej"]
[Black "Kawala, Maciej"]
[Result "1-0"]
[WhiteElo "2093"]
[BlackElo "1953"]
[PlyCount "101"]
[EventDate "2009.??.??"]

1. e4 e5 2. Nf3 Nc6 3. Bb5 a6 4. Bxc6 dxc6 5. d4 exd4 6. Qxd4 Qxd4 7. Nxd4 c5
8. Nb3 Bd6 9. Be3 b6 10. Nc3 Ne7 11. f4 f6 12. O-O-O Bb7 13. Rhe1 Ng6 14. g3
O-O-O 15. Nd5 Rhe8 16. Bf2 a5 17. Kb1 Kb8 18. a3 Bc8 19. Nc1 Bg4 20. Rd3 Bc8
21. Na2 Ba6 22. Rd2 Bf8 23. Red1 Rxe4 24. Nxc7 Rxd2 25. Nxa6+ Ka7 26. Rxd2 Kxa6
27. Nc3 Re8 28. a4 Be7 29. Nb5 Rd8 30. Nc7+ Kb7 31. Rxd8 Bxd8 32. Ne6 Bc7 33.
Nxg7 Nf8 34. c4 Kc6 35. Be1 Nd7 36. Bc3 Bd8 37. Kc2 Kd6 38. Kd3 Be7 39. Ke4 Bf8
40. Ne8+ Ke7 41. Nc7 Kd6 42. Nd5 Ke6 43. f5+ Kf7 44. Nf4 Bd6 45. Nd3 Ke7 46.
Kd5 Nb8 47. Bxf6+ Kxf6 48. Kxd6 Kxf5 49. Kc7 Ke4 50. Nf4 Na6+ 51. Kxb6 1-0

[Event "45 Otwarte Mistrzostwa Chorzowa OPEN FI"]
[Site "MDK Batory"]
[Date "2009.04.04"]
[Round "8.6"]
[White "Sztwiertnia, Krzysztof"]
[Black "Noga, Jozef"]
[Result "1-0"]
[WhiteElo "2021"]
[BlackElo "2030"]
[PlyCount "73"]
[EventDate "2009.??.??"]

1. d4 Nf6 2. c4 e6 3. Nc3 d5 4. cxd5 exd5 5. Bg5 Nbd7 6. e3 Be7 7. Bd3 c6 8.
Nge2 Ne4 9. Bf4 f5 10. Qc2 Bg5 11. O-O O-O 12. f3 Nxc3 13. bxc3 Bxf4 14. Nxf4
Qg5 15. Rae1 Nf6 16. c4 dxc4 17. Bxc4+ Kh8 18. Nd3 Nd7 19. Bb3 Qf6 20. Nf4 Nb6
21. Qd2 Rd8 22. Rc1 g5 23. Ne2 Be6 24. Bd1 Nc4 25. Qd3 b5 26. Bb3 c5 27. Qc3 b4
28. Qd3 Nxe3 29. Qxe3 Bxb3 30. axb3 cxd4 31. Qd3 a5 32. Rc4 a4 33. bxa4 Rxa4
34. Rxd4 Re8 35. Rd6 Qe5 36. Ng3 Ra2 37. Nxf5 1-0

[Event "45 Otwarte Mistrzostwa Chorzowa OPEN FI"]
[Site "MDK Batory"]
[Date "2009.04.04"]
[Round "8.7"]
[White "Kazek, Krzysztof"]
[Black "Kaczmarek, Aleksander"]
[Result "1-0"]
[WhiteElo "2029"]
[BlackElo "1886"]
[PlyCount "91"]
[EventDate "2009.??.??"]

1. Nf3 Nf6 2. c4 d6 3. d4 Bg4 4. Qb3 Bxf3 5. Qxf3 c6 6. Nc3 e6 7. e4 Qb6 8. d5
Be7 9. Qe3 Qc7 10. Be2 e5 11. O-O O-O 12. Bd2 Nbd7 13. Rac1 Rae8 14. g3 h6 15.
b4 Qb8 16. Na4 Bd8 17. Kg2 Nh7 18. Bg4 Ndf6 19. Be2 Qc8 20. f3 Nh5 21. Nc3 Ng5
22. Be1 cxd5 23. Nxd5 Qh3+ 24. Kh1 Re6 25. Qg1 Rg6 26. Qg2 Qd7 27. f4 exf4 28.
Bxh5 f3 29. Bxf3 h5 30. Bxh5 Rh6 31. Bf3 f5 32. Bd2 fxe4 33. Bxe4 Re8 34. Rce1
Qa4 35. Bf5 Rf8 36. Bxg5 Bxg5 37. Be6+ Rxe6 38. Rxe6 Rd8 39. Qf2 Qd7 40. Rg6
Qe8 41. Rxg5 Qe6 42. Re1 Qh6 43. Nf6+ Kh8 44. Rh5 b5 45. Rxh6+ gxh6 46. Re7 1-0

[Event "45 Otwarte Mistrzostwa Chorzowa OPEN FI"]
[Site "MDK Batory"]
[Date "2009.04.04"]
[Round "8.8"]
[White "Blasiak, Miroslaw"]
[Black "Kempa, Stefan"]
[Result "0-1"]
[WhiteElo "1950"]
[BlackElo "2080"]
[PlyCount "66"]
[EventDate "2009.??.??"]

1. e4 c5 2. Nf3 Nc6 3. d4 cxd4 4. Nxd4 Nf6 5. Nc3 d6 6. Bc4 e6 7. Be3 d5 8.
exd5 exd5 9. Bb5 Bd7 10. O-O Bb4 11. Bg5 Bxc3 12. bxc3 O-O 13. Bxc6 bxc6 14.
Qf3 h6 15. Bxf6 Qxf6 16. Qxf6 gxf6 17. Rfe1 Rfe8 18. f3 Kf8 19. Kf2 Rxe1 20.
Kxe1 Ke7 21. Rb1 c5 22. Ne2 Bc6 23. Kd2 f5 24. f4 Rd8 25. g3 Kf6 26. Rb3 Ke6
27. Ra3 Rd7 28. Nc1 Kd6 29. Nd3 Bb5 30. Ne5 Rb7 31. Ra5 f6 32. Nd3 a6 33. Nc1
h5 {cd.nieczytelny} 0-1

[Event "45 Otwarte Mistrzostwa Chorzowa OPEN FI"]
[Site "MDK Batory"]
[Date "2009.04.04"]
[Round "8.9"]
[White "Kuciel, Wladyslaw"]
[Black "Widera, Jan"]
[Result "1/2-1/2"]
[WhiteElo "2121"]
[BlackElo "2030"]
[PlyCount "128"]
[EventDate "2009.??.??"]

1. Nf3 c5 2. c4 Nf6 3. Nc3 g6 4. d4 cxd4 5. Nxd4 Bg7 6. e4 d6 7. Be2 Nc6 8. Be3
Bd7 9. O-O O-O 10. Kh1 Nxd4 11. Bxd4 Bc6 12. Qd3 a5 13. f4 Nd7 14. Rad1 Bxd4
15. Qxd4 Qb6 16. Qd2 a4 17. Rde1 Ra5 18. Bg4 e6 19. Re2 Qc5 20. Rc1 Raa8 21.
Nd5 f5 22. Bf3 Rae8 23. b4 axb3 24. axb3 Qa3 25. Nc7 Nc5 26. Nxe8 Nxb3 27. Rc3
Nxd2 28. Rxa3 Nxf3 29. Nxd6 Rd8 30. e5 Nh4 31. Kg1 h6 32. Rf2 g5 33. fxg5 hxg5
34. Rg3 g4 35. h3 Ng6 36. hxg4 f4 37. Rb3 Nxe5 38. c5 Ng6 39. Nxb7 Rd1+ 40. Kh2
e5 41. Na5 Bd5 42. Rc3 e4 43. c6 e3 44. Re2 Ne5 45. c7 Be6 46. c8=Q+ Bxc8 47.
Rxc8+ Kg7 48. Nc4 Nxg4+ 49. Kh3 Nf6 50. Rc7+ Kh6 51. g4 f3 52. Rxe3 f2 53. Nd2
Rxd2 54. Rf3 Ne4 55. Rc6+ Kg7 56. Rf4 Rd3+ 57. Kh2 Rd1 58. Rc7+ Kg6 59. Rcf7
Re1 60. Kg2 Rg1+ 61. Kh2 Re1 62. R7f5 Kg7 63. Rxf2 Nxf2 64. Rxf2 Re3 1/2-1/2

[Event "45 Otwarte Mistrzostwa Chorzowa OPEN FI"]
[Site "MDK Batory"]
[Date "2009.04.04"]
[Round "8.10"]
[White "Fraczek, Leslaw"]
[Black "Ronke, Robert"]
[Result "1-0"]
[WhiteElo "1908"]
[BlackElo "1930"]
[PlyCount "119"]
[EventDate "2009.??.??"]

1. d4 Nf6 2. c4 g6 3. g3 Bg7 4. Bg2 O-O 5. Nc3 c6 6. e4 d6 7. h3 Nbd7 8. Nge2
e5 9. O-O Re8 10. d5 Nb6 11. b3 cxd5 12. cxd5 Nbd7 13. Be3 b6 14. Qd2 Ba6 15.
b4 Rc8 16. Rfc1 Qe7 17. a4 Rc4 18. f3 Rec8 19. Nb5 Bxb5 20. axb5 Nf8 21. Qa2
Rxc1+ 22. Nxc1 Rc7 23. Qb3 Qd7 24. Bf1 Qc8 25. Ne2 Nh5 26. Kf2 f5 27. Rc1 Rxc1
28. Bxc1 Nf6 29. Qc3 Qd7 30. Qc4 fxe4 31. fxe4 Qf7 32. Kg2 h6 33. Nc3 g5 34.
Be2 Qg6 35. Qc7 g4 36. h4 N6d7 37. Qxa7 h5 38. Be3 Bh6 39. Bxh6 Qxh6 40. Qc7
Qd2 41. Qc4 Ng6 42. Kf2 Nf6 43. Nd1 Nxh4 44. gxh4 Qf4+ 45. Kg2 g3 46. Qc8+ Kg7
47. Qh3 Qxe4+ 48. Bf3 Qc2+ 49. Kxg3 e4 50. Qg2 Qb3 51. Kf4+ Kh8 52. Be2 Qxd5
53. Qg5 Qd4 54. Ne3 Qb2 55. Qh6+ Nh7 56. Qxh5 Qxb4 57. Qe8+ Kg7 58. Nf5+ Kf6
59. Qe7+ Kg6 60. Qg7# 1-0

[Event "45 Otwarte Mistrzostwa Chorzowa OPEN FI"]
[Site "MDK Batory"]
[Date "2009.04.04"]
[Round "8.11"]
[White "Moryson, Adrian"]
[Black "Michalski, Edmund"]
[Result "1-0"]
[WhiteElo "1897"]
[BlackElo "1922"]
[PlyCount "43"]
[EventDate "2009.??.??"]

1. f4 d5 2. Nf3 Nf6 3. e3 c5 4. b3 Nc6 5. Bb5 Bd7 6. O-O e6 7. Bb2 Be7 8. Bxc6
Bxc6 9. Ne5 Qc7 10. d3 O-O 11. Nd2 Rad8 12. Rf3 b5 13. Rg3 d4 14. e4 Bd6 15.
Nxc6 Bxf4 16. Nxd8 Bxg3 17. hxg3 Rxd8 18. Qf3 h5 19. Qf4 Qe7 20. Qg5 e5 21. Nf3
Rc8 22. Nh4 1-0

[Event "45 Otwarte Mistrzostwa Chorzowa OPEN FI"]
[Site "MDK Batory"]
[Date "2009.04.04"]
[Round "8.12"]
[White "Skrzyczek, Tomasz"]
[Black "Marek, Eugeniusz"]
[Result "1-0"]
[WhiteElo "2027"]
[BlackElo "1920"]
[PlyCount "53"]
[EventDate "2009.??.??"]

1. e4 e6 2. d4 d5 3. Nc3 Bb4 4. Qd3 dxe4 5. Qxe4 Nf6 6. Qh4 Nc6 7. Nf3 Bd7 8.
Bd2 Ne7 9. O-O-O Ng6 10. Qg5 Be7 11. Qe3 Bc6 12. Ne5 Bd5 13. h4 Nd7 14. Nxd5
exd5 15. Nxg6 hxg6 16. Bb4 Kf8 17. Bxe7+ Qxe7 18. Qb3 Nb6 19. g3 c6 20. Bd3 Qf6
21. Qb4+ Kg8 22. f4 Re8 23. Rde1 Re6 24. a4 Kh7 25. h5 Rxe1+ 26. Qxe1 Kg8 27.
Qe8+ 1-0

[Event "45 Otwarte Mistrzostwa Chorzowa OPEN FI"]
[Site "MDK Batory"]
[Date "2009.04.04"]
[Round "8.13"]
[White "Rychlik, Bogdan"]
[Black "Stepniewski, Jerzy"]
[Result "1-0"]
[WhiteElo "1927"]
[BlackElo "1810"]
[PlyCount "77"]
[EventDate "2009.??.??"]

1. e4 g6 2. d4 Bg7 3. Nf3 d6 4. Bc4 e6 5. O-O h6 6. Be3 Ne7 7. Nc3 a6 8. a4 O-O
9. Qd2 Kh7 10. Rab1 Nd7 11. Bd3 e5 12. b4 f5 13. dxe5 dxe5 14. exf5 gxf5 15.
Nh4 Nb6 16. a5 Nbd5 17. Nxd5 Nxd5 18. Bc5 Qxh4 19. Bxf8 Bxf8 20. Bxf5+ Bxf5 21.
Qxd5 Bd6 22. Qf7+ Kh8 23. Qxf5 Rf8 24. Qd3 Rg8 25. Rb3 e4 26. Qd4+ Kh7 27. g3
Rg4 28. Kg2 h5 29. Re1 Qe7 30. h3 Rg6 31. Rxe4 Qg5 32. Re8 Rg7 33. Qe4+ Qg6 34.
c4 c6 35. b5 Qxe4+ 36. Rxe4 Bc5 37. bxc6 bxc6 38. Re5 Bd4 39. Rxh5+ 1-0

[Event "45 Otwarte Mistrzostwa Chorzowa OPEN FI"]
[Site "MDK Batory"]
[Date "2009.04.04"]
[Round "8.14"]
[White "Rak, Dariusz"]
[Black "Krzempek, Krystian"]
[Result "1/2-1/2"]
[WhiteElo "1884"]
[BlackElo "1767"]
[PlyCount "79"]
[EventDate "2009.??.??"]

1. d4 d5 2. c4 dxc4 3. Nf3 c5 4. Qa4+ Bd7 5. Qxc4 cxd4 6. Nxd4 Na6 7. Nc3 Rc8
8. Qd5 Qb6 9. e3 Nf6 10. Qb3 e6 11. Bc4 Bc5 12. Ndb5 Bb4 13. O-O O-O 14. Bd2
Bxb5 15. Bxb5 Bxc3 16. Bxc3 Nc5 17. Qb4 Nd5 18. Qa5 Nxc3 19. Qxb6 axb6 20. bxc3
Ne4 21. c4 Nd6 22. Rfc1 Nxb5 23. cxb5 g6 24. Kf1 Kg7 25. Ke2 Kf6 26. f4 h5 27.
a4 Kf5 28. Rxc8 Rxc8 29. Rd1 Rc4 30. Kf3 Rxa4 31. Rd7 g5 32. fxg5 Rb4 33. Rxb7
Rxb5 34. h4 Kg6 35. e4 Rb2 36. g4 hxg4+ 37. Kxg4 Rg2+ 38. Kf3 Rh2 39. Kg3 Re2
40. Kf3 1/2-1/2

[Event "45 Otwarte Mistrzostwa Chorzowa OPEN FI"]
[Site "MDK Batory"]
[Date "2009.04.04"]
[Round "8.15"]
[White "Faron, Rafal"]
[Black "Klementys, Jerzy"]
[Result "1-0"]
[WhiteElo "1707"]
[BlackElo "1859"]
[PlyCount "71"]
[EventDate "2009.??.??"]

1. e4 c5 2. Nf3 d6 3. d4 cxd4 4. Nxd4 Nf6 5. Nc3 a6 6. Be2 e6 7. Be3 Be7 8. O-O
Nbd7 9. Nb3 Qc7 10. Kh1 b5 11. a3 Bb7 12. f3 O-O 13. Qe1 Nc5 14. Qg3 Rfd8 15.
Nxc5 Nh5 16. Qh3 Nf4 17. Bxf4 Qxc5 18. Bd3 g6 19. Qg3 b4 20. axb4 Qxb4 21. Rab1
a5 22. Bg5 f6 23. Bh6 a4 24. Na2 Qc5 25. Bd2 Qb6 26. Bb4 Bf8 27. Ba3 Bg7 28.
Qf2 Qc7 29. Nc3 Ba6 30. Bxa6 Rxa6 31. Rbd1 Bf8 32. Rd4 Qc6 33. Rfd1 Be7 34. Qe2
Ra5 35. Qc4 Qd7 36. Bxd6 1-0

[Event "45 Otwarte Mistrzostwa Chorzowa OPEN FI"]
[Site "MDK Batory"]
[Date "2009.04.04"]
[Round "8.17"]
[White "Sobek, Piotr"]
[Black "Czornik, Adam"]
[Result "1-0"]
[WhiteElo "1866"]
[BlackElo "1770"]
[PlyCount "55"]
[EventDate "2009.??.??"]

1. e4 e6 2. d4 d5 3. Nd2 Nf6 4. e5 Nfd7 5. c4 dxc4 6. Bxc4 Nb6 7. Ngf3 Nxc4 8.
Nxc4 c5 9. Be3 b5 10. Ncd2 cxd4 11. Nxd4 Bb7 12. O-O Qd5 13. N2f3 Nd7 14. Qe2
Nxe5 15. Rfd1 Nxf3+ 16. Nxf3 Qh5 17. Qd3 Qd5 18. Qc3 Qc6 19. Qe5 f6 20. Qg3 Kf7
21. Rac1 Qe4 22. Rd4 Qf5 23. Rd7+ Be7 24. Rxb7 Rhc8 25. Rxe7+ Kxe7 26. Qxg7+
Kd6 27. Rd1+ Kc6 28. Qd7# 1-0

[Event "45 Otwarte Mistrzostwa Chorzowa OPEN FI"]
[Site "MDK Batory"]
[Date "2009.04.04"]
[Round "8.18"]
[White "Solek, Zenon"]
[Black "Szczecina, Kamil"]
[Result "1-0"]
[WhiteElo "1852"]
[BlackElo "1686"]
[PlyCount "113"]
[EventDate "2009.??.??"]

1. e4 c5 2. Nc3 e6 3. g3 Nc6 4. Bg2 d6 5. Nge2 Nf6 6. O-O Be7 7. d4 cxd4 8.
Nxd4 a6 9. Nxc6 bxc6 10. e5 Nd5 11. exd6 Qxd6 12. Ne4 Qc7 13. c4 Nf6 14. Bf4 e5
15. Bg5 Nxe4 16. Bxe7 Qxe7 17. Bxe4 Bb7 18. Qa4 Rc8 19. Rfe1 O-O 20. Qa5 f5 21.
Bg2 e4 22. Rad1 c5 23. Rd2 Rcd8 24. Red1 Rd3 25. Rxd3 exd3 26. Bxb7 Qxb7 27.
Qxc5 Rd8 28. Qxf5 Qxb2 29. Qe6+ Kh8 30. c5 Qc2 31. Qb3 Qe2 32. c6 Rf8 33. Rf1
d2 34. c7 Rc8 35. Qd5 Qe7 36. Rd1 Qxc7 37. Rxd2 h6 38. Qd6 Qc1+ 39. Kg2 Qc6+
40. Qxc6 Rxc6 41. Rd5 g6 42. g4 Kg7 43. Ra5 Kf6 44. Kg3 Rc3+ 45. f3 Rc6 46. h4
g5 47. a4 Rb6 48. Rc5 Rd6 49. Rc8 a5 50. Rf8+ Kg6 51. Rf5 Ra6 52. Rb5 Kf6 53.
f4 gxf4+ 54. Kxf4 Re6 55. Rf5+ Kg6 56. h5+ Kg7 57. Rxa5 1-0

[Event "45 Otwarte Mistrzostwa Chorzowa OPEN FI"]
[Site "MDK Batory"]
[Date "2009.04.04"]
[Round "8.19"]
[White "Hendel, Kazimierz"]
[Black "Santura, Janusz"]
[Result "0-1"]
[WhiteElo "1671"]
[BlackElo "1852"]
[PlyCount "100"]
[EventDate "2009.??.??"]

1. e4 c6 2. d4 d5 3. exd5 cxd5 4. Bd3 Nc6 5. c3 Nf6 6. Ne2 Bg4 7. O-O e6 8. Bg5
Be7 9. Nd2 O-O 10. f3 Bh5 11. Nf4 Bg6 12. Bxg6 hxg6 13. Nd3 Rc8 14. Ne5 Qc7 15.
f4 Rfd8 16. Ndf3 Qb6 17. Qe2 Na5 18. Rab1 Nc4 19. Nxc4 Rxc4 20. Ne5 Rc7 21. Kh1
Rdc8 22. h3 Ne4 23. Kh2 f6 24. Nxg6 fxg5 25. Qh5 Bf6 26. fxg5 Nxg5 27. Rxf6
gxf6 28. Qh8+ Kf7 29. Qh5 Kg7 30. Nf4 Rf7 31. h4 Rh8 32. Qg4 Qd6 33. g3 e5 34.
Nh5+ Rxh5 35. Qxh5 Ne4 36. Rc1 Qe6 37. Rf1 Rf8 38. Rf5 Nd6 39. Rf3 e4 40. Rf4
f5 41. Qg5+ Qg6 42. Qe7+ Rf7 43. Qe5+ Kh7 44. Qxd5 Rg7 45. g4 fxg4 46. Kg3 e3
47. h5 Qd3 48. Qxd6 e2+ 49. Kg2 e1=Q 50. Qf6 Qh3# 0-1

[Event "45 Otwarte Mistrzostwa Chorzowa OPEN FI"]
[Site "MDK Batory"]
[Date "2009.04.04"]
[Round "8.21"]
[White "Kostowski, Andrzej"]
[Black "Klama, Andrzej"]
[Result "0-1"]
[WhiteElo "1846"]
[BlackElo "1663"]
[PlyCount "76"]
[EventDate "2009.??.??"]

1. d4 e6 2. c4 b6 3. Nf3 Bb7 4. Nc3 Nf6 5. Bg5 h6 6. Bh4 Be7 7. e3 d6 8. Bd3 g5
9. Bg3 g4 10. Nh4 h5 11. O-O Nfd7 12. e4 Bxh4 13. Ne2 Bg5 14. f4 gxf3 15. Rxf3
Qe7 16. a4 f5 17. d5 h4 18. Bf4 Nc5 19. exf5 e5 20. Re3 Qf6 21. b4 Nxd3 22.
Qxd3 Kf7 23. Bxg5 Qxg5 24. Rf1 Nd7 25. f6 Rag8 26. g3 Rh6 27. Kf2 hxg3+ 28.
hxg3 Rxf6+ 29. Ke1 Rxf1+ 30. Kxf1 Nf6 31. Ke1 Bc8 32. Rf3 Bg4 33. Re3 Bxe2 34.
Qxe2 Ke7 35. c5 Nxd5 36. cxd6+ cxd6 37. Rf3 Rh8 38. Kf1 Qc1+ 0-1

[Event "45 Otwarte Mistrzostwa Chorzowa OPEN FI"]
[Site "MDK Batory"]
[Date "2009.04.04"]
[Round "8.22"]
[White "Rzepka, Maciej"]
[Black "Rosicki, Marcin"]
[Result "1-0"]
[WhiteElo "1737"]
[BlackElo "1527"]
[PlyCount "69"]
[EventDate "2009.??.??"]

1. e4 c5 2. d3 e5 3. g3 Nc6 4. Bg2 g6 5. Nf3 Bg7 6. O-O Nf6 7. Be3 d6 8. c3 O-O
9. Qc1 b5 10. Nh4 Bd7 11. f4 Ng4 12. f5 Nxe3 13. Qxe3 Rc8 14. Nd2 Qe7 15. Qf2
Bf6 16. Kh1 Kg7 17. Bh3 Rc7 18. Ng2 b4 19. Ne3 Rb7 20. Nd5 Qd8 21. Nc4 Be8 22.
Rab1 a5 23. Nce3 Na7 24. Ng4 Bg5 25. f6+ Kg8 26. Bg2 h5 27. h4 hxg4 28. hxg5
Kh7 29. Bf3 Rh8 30. Bxg4 Kg8+ 31. Kg2 Nc6 32. Rh1 Bd7 33. Rxh8+ Kxh8 34. Rh1+
Kg8 35. Bf3 1-0

[Event "45 Otwarte Mistrzostwa Chorzowa OPEN FI"]
[Site "MDK Batory"]
[Date "2009.04.04"]
[Round "8.23"]
[White "Karcz, Bartlomiej"]
[Black "Mandla, Maciej"]
[Result "1-0"]
[WhiteElo "1799"]
[BlackElo "1690"]
[PlyCount "59"]
[EventDate "2009.??.??"]

1. e4 c5 2. Nf3 d6 3. d4 cxd4 4. Nxd4 Nf6 5. Nc3 e6 6. Bc4 a6 7. Bb3 Be7 8. O-O
Qc7 9. Be3 O-O 10. f4 Nc6 11. Qf3 Na5 12. f5 Nxb3 13. axb3 Rb8 14. g4 e5 15.
Nde2 h6 16. h4 Nh7 17. Nd5 Qd8 18. Bb6 Qe8 19. Ba7 Ra8 20. Nc7 Qc6 21. Nxa8
Bxh4 22. Nc3 Bd8 23. Nd5 b6 24. Naxb6 Kh8 25. Nc4 Ng5 26. Qg2 Bb7 27. Be3 Nxe4
28. Qxe4 Qxd5 29. Qxd5 Bxd5 30. Rxa6 1-0

[Event "45 Otwarte Mistrzostwa Chorzowa OPEN FI"]
[Site "MDK Batory"]
[Date "2009.04.04"]
[Round "8.24"]
[White "Bogacki, Henryk"]
[Black "Czornik, Janusz"]
[Result "0-1"]
[WhiteElo "1554"]
[BlackElo "1749"]
[PlyCount "78"]
[EventDate "2009.??.??"]

1. e4 e6 2. d4 d5 3. e5 c5 4. c3 Qb6 5. Nf3 Nc6 6. Bd3 cxd4 7. cxd4 Bd7 8. O-O
Nxd4 9. Nxd4 Qxd4 10. Qe2 Ne7 11. Rd1 Nc6 12. Nc3 Qxe5 13. Qg4 h5 14. Qh3 Nb4
15. f4 Bc5+ 16. Kh1 Nxd3 17. Qxd3 Qc7 18. Qe2 O-O-O 19. Bd2 Kb8 20. Rdc1 Qb6
21. Rab1 f6 22. b4 Bd4 23. b5 Bxc3 24. Rxc3 Rc8 25. Rcb3 Rc2 26. a4 Rhc8 27.
Rd3 Ra2 28. Qxh5 Rxa4 29. Qf7 Bxb5 30. Be3 Qc7 31. Qxc7+ Rxc7 32. Rdb3 Bc6 33.
Bc5 Rd7 34. g3 Rc4 35. Bf2 d4+ 36. Kg1 d3 37. Ra1 d2 38. Bxa7+ Kc8 39. Rbb1 Bf3
0-1

[Event "45 Otwarte Mistrzostwa Chorzowa OPEN FI"]
[Site "MDK Batory"]
[Date "2009.04.05"]
[Round "9.1"]
[White "Sroka, Janusz"]
[Black "Mulet, Piotr"]
[Result "1/2-1/2"]
[WhiteElo "2109"]
[BlackElo "2303"]
[PlyCount "36"]
[EventDate "2009.??.??"]

1. e4 Nc6 2. Nf3 e5 3. d3 Nf6 4. Be2 d5 5. Nbd2 Be7 6. O-O O-O 7. c3 a5 8. b3
Bg4 9. a3 Qd7 10. Qc2 Rad8 11. h3 Bh5 12. Re1 Rfe8 13. Bb2 h6 14. Bf1 Bf8 15.
Rac1 Bg6 16. Rcd1 Bh7 17. g3 Bc5 18. b4 axb4 1/2-1/2

[Event "45 Otwarte Mistrzostwa Chorzowa OPEN FI"]
[Site "MDK Batory"]
[Date "2009.04.05"]
[Round "9.2"]
[White "Kalinin, Oleg"]
[Black "Janiszewski, Maciej"]
[Result "1/2-1/2"]
[WhiteElo "2377"]
[BlackElo "2093"]
[PlyCount "76"]
[EventDate "2009.??.??"]

1. Nf3 d5 2. c4 c6 3. e3 Nf6 4. Nc3 e6 5. Qc2 Bd6 6. d4 O-O 7. Bd2 Nbd7 8. h3
Re8 9. Be2 e5 10. cxd5 cxd5 11. Nb5 Bb8 12. Rc1 e4 13. Nh2 Nf8 14. Nc7 Bxc7 15.
Qxc7 Qxc7 16. Rxc7 Ne6 17. Rc2 Bd7 18. Bb4 Rec8 19. Rxc8+ Rxc8 20. Kd2 Rc6 21.
Rc1 Rb6 22. Ba3 h5 23. Nf1 g6 24. Rc2 Ne8 25. Bc5 Nxc5 26. dxc5 Rf6 27. Ke1 Nc7
28. Nd2 a6 29. b4 Ba4 30. Nb3 Bxb3 31. axb3 Re6 32. Kd2 f5 33. g3 Kf7 34. h4
Ke7 35. Kc3 Kd7 36. Rd2 Kc6 37. Rd1 Rf6 38. Kd4 Re6 1/2-1/2

[Event "45 Otwarte Mistrzostwa Chorzowa OPEN FI"]
[Site "MDK Batory"]
[Date "2009.04.05"]
[Round "9.3"]
[White "Osipow, Nikolaj"]
[Black "Kazek, Krzysztof"]
[Result "1/2-1/2"]
[WhiteElo "2251"]
[BlackElo "2029"]
[PlyCount "35"]
[EventDate "2009.??.??"]

1. d4 Nf6 2. Nf3 e6 3. e3 b6 4. Be2 Bb7 5. O-O Be7 6. b3 O-O 7. Nbd2 c5 8. Bb2
Nc6 9. c4 cxd4 10. Nxd4 Qc7 11. Bf3 Rac8 12. Rc1 Qb8 13. Nxc6 Bxc6 14. Bxc6
dxc6 15. Nf3 Rfd8 16. Qc2 Ne8 17. Rcd1 Bf6 18. Rxd8 1/2-1/2

[Event "45 Otwarte Mistrzostwa Chorzowa OPEN FI"]
[Site "MDK Batory"]
[Date "2009.04.05"]
[Round "9.4"]
[White "Sztwiertnia, Krzysztof"]
[Black "Galyga, Zbigniew"]
[Result "1-0"]
[WhiteElo "2021"]
[BlackElo "2217"]
[PlyCount "65"]
[EventDate "2009.??.??"]

1. d4 f5 2. Nc3 d5 3. e4 dxe4 4. Bf4 Nf6 5. f3 c6 6. Qd2 Be6 7. O-O-O Nbd7 8.
fxe4 fxe4 9. Nh3 Nb6 10. Ng5 Bf5 11. Re1 e6 12. a3 Be7 13. Ngxe4 Nxe4 14. Nxe4
Bxe4 15. Rxe4 Qd5 16. Bd3 Qa2 17. c3 Na4 18. Bb1 Qa1 19. Rxe6 O-O 20. Rxe7 Rxf4
21. Qc2 Rf5 22. Qxf5 Qxb2+ 23. Kd1 Nxc3+ 24. Ke1 Qc1+ 25. Kf2 Qd2+ 26. Kg3 Ne2+
27. Rxe2 Qxe2 28. Qxh7+ Kf8 29. Qf5+ Ke7 30. Qe4+ Qxe4 31. Bxe4 Rd8 32. Rd1 c5
33. Bxb7 1-0

[Event "45 Otwarte Mistrzostwa Chorzowa OPEN FI"]
[Site "MDK Batory"]
[Date "2009.04.05"]
[Round "9.5"]
[White "Banasik, Henryk"]
[Black "Fraczek, Leslaw"]
[Result "1-0"]
[WhiteElo "2121"]
[BlackElo "1908"]
[PlyCount "83"]
[EventDate "2009.??.??"]

1. e4 e5 2. Nf3 Nc6 3. Bb5 a6 4. Ba4 Nf6 5. d4 Nxe4 6. Qe2 f5 7. d5 Ne7 8. Nxe5
g6 9. c4 Bg7 10. f4 O-O 11. O-O d6 12. Nf3 h6 13. Nbd2 Nc5 14. Bc2 Re8 15. Qf2
b5 16. Nb3 Ne4 17. Qe2 bxc4 18. Qxc4 Nf6 19. Nbd4 Nexd5 20. Nc6 Qd7 21. Bd2 Kh7
22. Ncd4 Nb6 23. Qb3 Nfd5 24. a4 a5 25. Rfe1 Ba6 26. Bxa5 Bc4 27. Qa3 Rxa5 28.
Rxe8 Qxe8 29. Re1 Qd7 30. b3 c5 31. Nxf5 gxf5 32. bxc4 Nb4 33. Ng5+ Kg8 34. Bb1
Nc6 35. Ne6 Nd4 36. Qh3 Nxe6 37. Bxf5 Nxf4 38. Qg4 Qd8 39. Qxf4 Rxa4 40. Bg6
Ra1 41. Rxa1 Bxa1 42. Qf7+ 1-0

[Event "45 Otwarte Mistrzostwa Chorzowa OPEN FI"]
[Site "MDK Batory"]
[Date "2009.04.05"]
[Round "9.6"]
[White "Kempa, Stefan"]
[Black "Moryson, Adrian"]
[Result "1-0"]
[WhiteElo "2080"]
[BlackElo "1897"]
[PlyCount "97"]
[EventDate "2009.??.??"]

1. Nf3 Nf6 2. c4 d6 3. d4 g6 4. Nc3 Bg7 5. e4 O-O 6. h3 e5 7. dxe5 dxe5 8. Qxd8
Rxd8 9. Bg5 c6 10. Be2 Na6 11. O-O Nc5 12. Rfd1 Be6 13. Rxd8+ Rxd8 14. b4 Na6
15. a3 h6 16. Be3 Nxe4 17. Nxe4 f5 18. Neg5 hxg5 19. Nxg5 Bf7 20. Nxf7 Kxf7 21.
b5 Nc7 22. bxc6 bxc6 23. Rb1 f4 24. Bxa7 Ne6 25. Rb7+ Kf6 26. Bf3 Bf8 27. Bxc6
Bxa3 28. Bd5 Bc5 29. Bxc5 Nxc5 30. Rf7+ Kg5 31. Rc7 Na6 32. Rh7 Nb4 33. h4+ Kf5
34. Bb7 Nd3 35. f3 Kf6 36. Rc7 Nc1 37. Bd5 Rf8 38. c5 Ne2+ 39. Kf2 Ng3 40. c6
Nf5 41. Rd7 Ne7 42. c7 Nxd5 43. Rd8 Nxc7 44. Rxf8+ Ke6 45. g4 Nb5 46. g5 Nd4
47. Rf6+ Ke7 48. Rxg6 Nf5 49. h5 1-0

[Event "45 Otwarte Mistrzostwa Chorzowa OPEN FI"]
[Site "MDK Batory"]
[Date "2009.04.05"]
[Round "9.7"]
[White "Buchowski, Adam"]
[Black "Radzikowski, Dawid"]
[Result "0-1"]
[WhiteElo "1919"]
[BlackElo "1953"]
[PlyCount "46"]
[EventDate "2009.??.??"]

1. d4 Nf6 2. Nf3 e6 3. e3 b6 4. b3 Bb7 5. Bd3 Ne4 6. O-O f5 7. Bb2 Ng5 8. Nbd2
Bd6 9. c4 O-O 10. Rc1 Qf6 11. Re1 Qh6 12. Ne5 Rf6 13. f4 Bxe5 14. dxe5 Nh3+ 15.
Kf1 Bxg2+ 16. Kxg2 Rg6+ 17. Kf1 Rg1+ 18. Ke2 Rg2+ 19. Kf3 Rf2+ 20. Kg3 Qg6+ 21.
Kh4 Ng1 22. Nf1 Nf3+ 23. Kh3 Qg4# 0-1

[Event "45 Otwarte Mistrzostwa Chorzowa OPEN FI"]
[Site "MDK Batory"]
[Date "2009.04.05"]
[Round "9.9"]
[White "Widera, Jan"]
[Black "Rychlik, Bogdan"]
[Result "0-1"]
[WhiteElo "2030"]
[BlackElo "1927"]
[PlyCount "86"]
[EventDate "2009.??.??"]

1. c4 Nf6 2. Nc3 c5 3. e4 Nc6 4. Nf3 d6 5. d4 cxd4 6. Nxd4 Bd7 7. Be2 e6 8. Be3
a6 9. O-O Qc7 10. Rc1 Be7 11. f3 Rc8 12. Nd5 exd5 13. cxd5 Qa5 14. dxc6 bxc6
15. a3 O-O 16. Qd3 c5 17. Nf5 Bxf5 18. exf5 Qb6 19. b4 a5 20. bxc5 dxc5 21. Qc4
Rfd8 22. Rfd1 Rxd1+ 23. Rxd1 h6 24. f4 Rc7 25. Bf3 Rd7 26. Rc1 Qb2 27. a4 Qa3
28. Kf2 Rd3 29. Re1 Rc3 30. Qb5 c4 31. Bb6 Rc2+ 32. Re2 Rxe2+ 33. Kxe2 Qd3+ 34.
Kf2 Qd2+ 35. Kg3 c3 36. Qxa5 Bd6 37. Be3 Ne4+ 38. Bxe4 Qxe3+ 39. Bf3 Qxf4+ 40.
Kf2 Qd4+ 41. Ke1 c2 42. Qa8+ Kh7 43. Qc6 Qe3+ 0-1

[Event "45 Otwarte Mistrzostwa Chorzowa OPEN FI"]
[Site "MDK Batory"]
[Date "2009.04.05"]
[Round "9.10"]
[White "Noga, Jozef"]
[Black "Blasiak, Miroslaw"]
[Result "1-0"]
[WhiteElo "2030"]
[BlackElo "1950"]
[PlyCount "125"]
[EventDate "2009.??.??"]

1. d4 d5 2. Nf3 Nf6 3. c4 e6 4. e3 c5 5. Nc3 Nc6 6. Be2 dxc4 7. Bxc4 Be7 8. O-O
O-O 9. a3 a6 10. dxc5 Bxc5 11. b4 Ba7 12. b5 axb5 13. Nxb5 Bc5 14. Bb2 Qe7 15.
Nfd4 Na5 16. Bd3 Rd8 17. Qc2 b6 18. Nf3 h6 19. e4 Bb7 20. Qe2 Rac8 21. h3 Nh5
22. Be5 Nc6 23. Bh2 e5 24. Bc4 Nf4 25. Qa2 Qf6 26. h4 Rd7 27. Bxf4 Qxf4 28.
Rad1 Rcd8 29. Rxd7 Rxd7 30. Re1 Nd4 31. Nbxd4 exd4 32. Bd3 Re7 33. Qe2 g6 34.
a4 Kg7 35. Qb2 f6 36. Qe2 Bc6 37. g3 Qc7 38. Qc2 Qd7 39. Ra1 Qg4 40. Nh2 Qe6
41. f3 f5 42. exf5 Qe3+ 43. Kg2 gxf5 44. a5 Ra7 45. a6 Qe5 46. Qd2 Qd5 47. Re1
b5 48. Qf4 Rf7 49. Qe5+ Qxe5 50. Rxe5 Bd6 51. Rxf5 Rxf5 52. Bxf5 b4 53. Be6 Bc5
54. Bc4 Ba4 55. Nf1 b3 56. Nd2 b2 57. Bd3 Kf7 58. Nc4 b1=Q 59. Bxb1 Bb5 60. a7
Bxa7 61. Nd6+ Ke6 62. Nxb5 Bc5 63. Be4 1-0